000 00553nam a2200145 a 4500
008 120416s0000 ||||||||||||||||| || u
020 _a0130546100
050 _aTS 155.6 Gro
100 _aGroover, Mikell P
245 1 0 _aAutomation, production systems, and computer integrated manufacturing
260 _aNew Jersey
_bFT Prentice-Hall
_c1987
300 _axxi, 808p. : ill
350 _a0.00
995 _D0.00
_FCBU-MAIN LIBRARY (Kitwe)
_H1
_I19.95
_M1
_UAVAILABLE
_ZMain Library Open Access Collection
999 _c35349
_d35349